000 01392nam a2200349 c 4500
003 BLK
005 20250329160042.0
008 180408b bul|||||r ||||||| ||bul||
010 _aKNG00039660000
040 _aBLK
041 _aBUL
_cBUL
080 _aВалдхорна
_b788.42
_x(072)(075.8)
_z788.42(072)(075.8)
100 1 _aГригоров, Владислав Илиев
_eпърви автор
_9275049
139 _aГригоров, Владислав Илиев
_bГ 82
245 1 0 _aМетодика на обучението по валдхорна
_cВладислав Илиев Григоров.
257 _aBGR
260 София
_bМузика
_c1989
300 _a100 с.
_bс ноти
_c20 см
380 _a7
500 _aБибилиогр. с. 91.
650 0 _aДухови музикални инструменти
_9275013
650 4 _aМузикални инструменти
_9275050
653 _aметодика на преподаването
653 _aдухови музикални инструменти
653 _aвалдхорни
852 _aЦб 161258
856 4 _qpdf
_u
856 4 _qpdf
_u
942 _cKNG
_n0
944 _aCR
_c13.12.2011
_lГеновева Генчева
_k30560
944 _aED
_c21.05.2015
_l13.12.2011 - от С1,Р / 13.12.2011
_kКамелия_Данева
999 _c36644
_d36644